Environmental Geography.
Saved in:
| Hovedforfatter: | |
|---|---|
| Format: | Ukendt |
| Sprog: | engelsk |
| Udgivet: |
New Delhi, India:
Rawat Publication,
2017.
|
| Udgivelse: | Third Revised Edition. |
| Fag: | |
| Tags: |
Tilføj Tag
Ingen Tags, Vær først til at tagge denne postø!
|
MARC
| LEADER | 00000 a2200000 4500 | ||
|---|---|---|---|
| 003 | CL-VaPUC | ||
| 005 | 20240313160152.0 | ||
| 008 | 240306t2017 ||||| |||| 00| 0 eng d | ||
| 999 | |c 443071 |d 443069 | ||
| 020 | |a 978-81-316-0848-7 | ||
| 040 | |c Pontificia Universidad Católica de Valparaíso | ||
| 082 | |2 22 |a 363.7 SAX 2017 | ||
| 100 | |a Saxena, H.M. |9 887430 |e author | ||
| 245 | |a Environmental Geography. | ||
| 250 | |a Third Revised Edition. | ||
| 260 | |a New Delhi, India: |b Rawat Publication, |c 2017. | ||
| 300 | |a xvi, 403 páginas. | ||
| 583 | |k GC |c 20240306 | ||
| 650 | 0 | |9 864754 |a Geografía ambiental |x Ecosistemas | |
| 650 | 0 | |9 257625 |a Medio ambiente |x Contaminación, conservación y sostenibilidad | |
| 942 | |2 ddc |c BK | ||
| 952 | |0 0 |1 0 |2 ddc |4 0 |6 363_700000000000000_SAX_2017 |7 0 |8 A |9 593581 |a BIBING |b BIBING |c GEN |d 2024-03-06 |e 1 |g 79345.00 |i 5660300 |o 363.7 SAX 2017 |p 5660300 |r 2025-01-20 |t 1 |v 79345.00 |w 2024-03-06 |y BK |k MEG | ||